00423 2200157 4500001002100000005001500021035002000036245007900056100003000135300001200165260003200177082000800209084001400217020002200231990001200253INLIS00000000000163220250428015450 a0010-04250000481 aKitab Tauhid :bPemurnian Ibadah Kepada Allah /cSyaikh Muhammad At Tamimi0 aSyaikh Muhammad At Tamimi a204 hlm aJakarta :bDarul Haq,c2017 a297 a297 SYA k a978-979-9137-24-1 a0754702